| 000 | 00586nam a22002057a 4500 | ||
|---|---|---|---|
| 003 | 0 | ||
| 005 | 20250324143702.0 | ||
| 008 | 250324b xxu||||| |||| 00| 0 eng d | ||
| 020 | _a9781394245994 | ||
| 050 |
_aHF 5661 _b.B69 2024 |
||
| 100 | _aBoyd, Kenneth W. | ||
| 245 |
_aCPA exam for dummies _cKenneth W. Boyd |
||
| 250 | _a2nd edition | ||
| 260 |
_aNew Jersey _bJohn Wiley & Sons _c2024 |
||
| 300 |
_axiii, 280 pages ; _c28cm. |
||
| 504 | _aIncludes index. | ||
| 650 | _aAccounting--Examinations. | ||
| 650 | _aCertified Public Accountant--Review. | ||
| 942 |
_2lcc _cBK |
||
| 999 |
_c367326 _d367326 |
||